Statistics for Answers Contain "Black"

Click here to take the quiz!

General Stats

  • This quiz has been taken 100 times
  • The average score is 17 of 22

Answer Stats

ClueAnswer% Correct
Failure of an electrical power supplyBlackout
99%
Spider species where female has red hourglassBlack Widow
99%
Popular shopping day after ThanksgivingBlack Friday
97%
Casino card game, reach 21 without going overBlackjack
97%
Body of water south of UkraineBlack Sea
97%
In a classroom with chalkBlackboard
96%
Evil sorceryBlack Magic
96%
One who forges items from ironBlacksmith
92%
Thin, hard to see frozen waterBlack Ice
90%
Fancy event dress codeBlack Tie
89%
Netflix series set in a women's prisonOrange is the New Black
85%
PlagueBlack Death
82%
Sub-Saharan venomous snakeBlack mamba
78%
Marvel super heroBlack Panther
73%
Illuminator for glow-in-the-dark itemsBlacklight
71%
Chicago's NHL teamBlackhawks
62%
Harry Potter's godfatherSirius Black
60%
Captain Jack Sparrow's shipThe Black Pearl
59%
Mountains region in southwest GermanyBlack Forest
56%
"I see a red door and I want it..."...painted black
56%
Bear Bull was member to this US/Can first nations tribeBlackfoot
29%
US Military Academy sports teams nicknameBlack Knights
15%

Score Distribution

Percentile by Number Answered

Percent of People with Each Score

Your Score History

You have not taken this quiz